| 000 | 02101cam a2200373Ma 4500 | ||
|---|---|---|---|
| 002 | 69407 | ||
| 005 | 20230410143451.0 | ||
| 008 | 001120s2000 caua b 001 0 eng d | ||
| 035 | _a(OCoLC)ocn248461379 | ||
| 040 |
_aGyGoGBV _erakwb _bger _cGBVCP _dNLE _dIAK _dOCLCQ |
||
| 015 | _a052-02270 | ||
| 015 | _abA0-V3787 | ||
| 020 | _a0520227069 | ||
| 020 | _a9780520227064 | ||
| 024 | 8 | _aGEIwh000040363 | |
| 035 | _a(OCoLC)248461379 | ||
| 043 | _ad------ | ||
| 001 | 14aGN 496bH816e 2000 | ||
| 049 | _aGRAL | ||
| 100 | 1 | _aHorowitz, Donald L. | |
| 245 | 1 | 0 |
_aEthnic groups in conflict / _cDonald L. Horowitz with a new preface. |
| 250 | _a2a ed. | ||
| 260 |
_aBerkeley, Calif. : _bUniversity of California Press, _c2000. |
||
| 300 |
_axviii, 697 p. : _bill. ; _c23 cm. |
||
| 500 | _aPrevious ed.: 1985. | ||
| 504 | _aIncludes bibliographical references and index. | ||
| 505 | 0 | _aPreface to the second edition -- Preface to the first edition -- pt. 1. Ethnic relations and ethnic affiliations. The dimensions of ethnic conflict ; A family resemblance -- pt. 2. The theory of ethnic conflic. Conflict theory and conflict motives ; Group comparison and the sources of conflict ; Group entitlement and the sources of conflict ; The logic of secessions and irredentas -- pt. 3. Party politics and ethnic conflict. Ethnic parties and ethnic systems ; Competition and change in ethnic party systems ; Multiethnic coalitions ; Multiethnic alliances and parties -- pt. 4. Military politics and ethnic conflict. The militarization of ethnic conflict ; Paradigms of military ethnicity ; The effects of intervention and the art of prevention -- pt. 5. Strategies of ethnic reduction. Ethnic policy : the constraints and the opportunities ; Structural techniques to reduce ethnic conflict ; Preferential policies to reduce ethnic conflict -- Afterword: Ethnic conflict and democracy. | |
| 650 | 0 | _aEthnic conflict. | |
| 650 | 0 |
_aEthnic groups _xPolitical activity. |
|
| 651 | 0 |
_aDeveloping countries _xEthnic relations. |
|
| 650 | 0 | _aEthnic relations. | |
| 942 |
_2lcc _cbk |
||
| 994 |
_aC0 _bDRFGD |
||
| 999 |
_c102250 _d102250 |
||